000 01077nam a2200277Ia 4500
003 OSt
005 20221005104445.0
006 a|||||r|||| 00| 0
007 ta
008 221004b |||||||| |||| 00| 0 hin d
020 _a9788178312354 (hbk)
024 _a108439
037 _cTextual
040 _aCRL
_cCRL
_bhin
041 _2hin
_ahin
082 _aV273:51.N34<-N30, 152Q1
100 _aघोष, पापिया
245 0 _aबिहार मे सविनय अवज्ञा आंदोलन
_b 1930 - 1934
246 _aBihār me savinaya avajnyā āandolana: 1930 - 1934
260 _aदिल्ली
_bमानक पब्लिकेशन्स प्रा. लि. भारत
_c2011
300 _a263पृ0
_ccm.
650 _aविश्व-इतिहास
700 _a प्रजापति, ए. एल., अनु.
_9623764
942 _hV273:51.N34<-N30, 152Q1
_cTEXL
_2cc
999 _c1012767
_d1012767